Polskie kluby (Ekstraklasa, 1 liga, 2 liga) 25/26 - Statystyki

Ogólne statystyki
  • Ten quiz został rozwiązany 140 razy
  • Średni wynik to 39 z 54
Statystyki odpowiedzi
Liga Kluby % Poprawnych
Ekstraklasa Cracovia Kraków
96%
Ekstraklasa Lech Poznań
96%
Ekstraklasa Legia Warszawa
96%
Ekstraklasa Arka Gdynia
95%
Ekstraklasa Lechia Gdańsk
94%
Ekstraklasa Bruk-bet Termalica
92%
Ekstraklasa Widzew Łódź
92%
Ekstraklasa Zagłębie Lubin
92%
Ekstraklasa Górnik Zabrze
91%
Ekstraklasa Pogoń Szczecin
91%
1 liga Wisła Kraków
91%
Ekstraklasa Wisła Płock
90%
Ekstraklasa GKS Katowice
89%
Ekstraklasa Jagiellonia Białystok
88%
Ekstraklasa Raków Częstochowa
87%
1 liga Śląsk Wrocław
86%
1 liga Polonia Warszawa
85%
1 liga ŁKS Łódź
84%
Ekstraklasa Motor Lublin
84%
Ekstraklasa Korona Kielce
81%
Ekstraklasa Radomiak Radom
81%
1 liga Wieczysta Kraków
81%
1 liga GKS Tychy
78%
Ekstraklasa Piast Gliwice
78%
2 liga Warta Poznań
78%
2 liga Zagłębie Sosnowiec
78%
1 liga Stal Mielec
76%
1 liga Miedź Legnica
75%
1 liga Ruch Chorzów
75%
1 liga Górnik Łęczna
74%
1 liga Chrobry Głogów
73%
1 liga Stal Rzeszów
73%
1 liga Polonia Bytom
72%
1 liga Pogoń Grodzisk Mazowiecki
70%
1 liga Znicz Pruszków
68%
1 liga Odra Opole
67%
1 liga Pogoń Siedlce
65%
1 liga Puszcza Niepołomice
62%
2 liga Sandecja Nowy Sącz
62%
2 liga Resovia Rzeszów
60%
2 liga Podbeskidzie Bielsko-Biała
59%
2 liga Unia Skierniewice
59%
2 liga Hutnik Kraków
58%
2 liga KKS Kalisz
58%
2 liga Chojniczanka Chojnice
54%
2 liga GKS Jastrzębie
51%
2 liga Olimpia Grudziądz
50%
2 liga Stal Stalowa Wola
49%
2 liga Świt Szczecin
44%
2 liga Podhale Nowy Targ
40%
2 liga Rekord Bielsko-Biała
39%
2 liga Sokół Kleczew
38%
2 liga Śląsk Wrocław 2
35%
2 liga ŁKS Łódź 2
31%
Nie znaleziono quizów pasujących do podanych kryteriów
Rozkład punktacji
Procent ludzi z każdym wynikiem
Percentyl według liczby udzielonych odpowiedzi
Twoja historia wyników
Nie rozwiązałeś tego quizu